NBA MVPs Who Have Died - Statistics

General Stats
  • This quiz has been taken 50 times
  • The average score is 5 of 7
Answer Stats
MVP Died Answer % Correct
2008 2020 Kobe Bryant
93%
1958, 1961, 1962, 1963, 1965 2022 Bill Russell
89%
1960, 1966, 1967, 1968 1999 Wilt Chamberlain
89%
1979, 1982, 1983 2015 Moses Malone
64%
1978 2024 Bill Walton
53%
1969 2020 Wes Unseld
53%
1970 2023 Willis Reed
47%
No matching quizzes found
Score Distribution
Percent of People with Each Score
Percentile by Number Answered
Your Score History
You have not taken this quiz